| Tag |
First Indicator |
Second Indicator |
Subfields |
| LEADER |
00000cam a22000008i 4500 |
| 001 |
in00005778021 |
| 005 |
20260407182630.4 |
| 006 |
m o d |
| 007 |
cr ||||||||||| |
| 008 |
260109s2026 flua o 000 0 eng d |
| 040 |
|
|
|a UKMGB
|b eng
|e rda
|e pn
|c UKMGB
|d OCLCO
|d YDX
|d TYFRS
|
| 015 |
|
|
|a GBC6015829
|2 bnb
|
| 016 |
7 |
|
|a 300678800
|2 Uk
|
| 020 |
|
|
|a 9781040675403
|q ePub ebook
|
| 020 |
|
|
|a 1040675409
|
| 020 |
|
|
|a 9781003647799
|q (electronic bk.)
|
| 020 |
|
|
|a 1003647790
|q (electronic bk.)
|
| 020 |
|
|
|a 9781040570692
|q (electronic bk. : PDF)
|
| 020 |
|
|
|a 1040570690
|q (electronic bk. : PDF)
|
| 024 |
8 |
|
|a CIPO000336291
|
| 024 |
7 |
|
|a 10.1201/9781003647799
|2 doi
|
| 035 |
|
|
|a (OCoLC)1572418587
|
| 037 |
|
|
|a 9781003647799
|b Taylor & Francis
|
| 050 |
|
4 |
|a TD145
|
| 072 |
|
7 |
|a LNTM2
|2 thema
|
| 072 |
|
7 |
|a LNTM2
|2 bicssc
|
| 072 |
|
7 |
|a TEC007000
|2 bisacsh
|
| 072 |
|
7 |
|a TCBS
|2 thema
|
| 072 |
|
7 |
|a THR
|2 thema
|
| 072 |
|
7 |
|a UYF
|2 thema
|
| 072 |
|
7 |
|a MQW
|2 thema
|
| 072 |
|
7 |
|a TJKW
|2 thema
|
| 072 |
|
7 |
|a TJFN
|2 thema
|
| 072 |
|
7 |
|a TCBS
|2 bicssc
|
| 072 |
|
7 |
|a THR
|2 bicssc
|
| 072 |
|
7 |
|a UYF
|2 bicssc
|
| 072 |
|
7 |
|a MQW
|2 bicssc
|
| 072 |
|
7 |
|a TJKW
|2 bicssc
|
| 072 |
|
7 |
|a TJFN
|2 bicssc
|
| 072 |
|
7 |
|a TEC008010
|2 bisacsh
|
| 082 |
0 |
4 |
|a 621.384
|2 23/eng/20260312
|
| 049 |
|
|
|a TXAM
|
| 100 |
1 |
|
|a Sabban, Albert,
|e author.
|
| 245 |
1 |
0 |
|a Green electronic and RF technologies for communications, IoT, and medical systems /
|c Albert Sabban.
|
| 264 |
|
1 |
|a Boca Raton :
|b CRC Press,
|c 2026.
|
| 300 |
|
|
|a 1 online resource (402 pages) :
|b illustrations (black and white, and colour)
|
| 336 |
|
|
|a text
|b txt
|2 rdacontent
|
| 337 |
|
|
|a computer
|b c
|2 rdamedia
|
| 338 |
|
|
|a online resource
|b cr
|2 rdacarrier
|
| 588 |
|
|
|a Description based on CIP data; resource not viewed.
|
| 520 |
|
|
|a This book presents green electronic technologies, and their role in clean renewable energy, energy harvesting for medical devices and communication systems. It covers green computing technologies, and the lifecycle management of electronics from waste management to recycling. The topics are presented in the context of the growing need to develop green communications and medical system applications.Green Electronic and RF Technologies for Communications, IoT, and Medical Systems examine green electronic and computing practices, green devices shaping, the development of environmentally friendly medical devices and communication systems. It presents innovations in green electronic technologies and their role in energy harvesting, innovations and applications of RF technologies in the medical field and covers recycling and waste management of these electronic devices. Through examination of green electronics and clean energy needs, the book discusses electromagnetic waves and antenna theory for energy harvesting systems. It explores how these systems and antennae can be incorporated into wearable medical systems and devices, communication systems, and IoT devices. The book also covers end-of-lifecycle management of electronic devices, including appropriate disposal and recycling of electronic equipment and modules, which is crucial for maintaining a green environment.The book is intended for electrical engineers, communication engineers, biomedical engineers and researchers in green technologies. It will also be of interest to antenna systems engineers and renewable energy researchers and engineers.
|
| 650 |
|
0 |
|a Green technology.
|
| 650 |
|
0 |
|a Internet of things.
|
| 650 |
|
0 |
|a Medical technology.
|
| 650 |
|
0 |
|a Wireless communication systems.
|
| 650 |
|
6 |
|a Technologie de protection de l'environnement.
|
| 650 |
|
6 |
|a Internet des objets.
|
| 650 |
|
6 |
|a Technologie médicale.
|
| 650 |
|
6 |
|a Transmission sans fil.
|
| 650 |
|
7 |
|a Green technology
|2 fast
|
| 650 |
|
7 |
|a Internet of things
|2 fast
|
| 650 |
|
7 |
|a Medical technology
|2 fast
|
| 650 |
|
7 |
|a Wireless communication systems
|2 fast
|
| 655 |
|
7 |
|a Electronic books.
|2 local
|
| 710 |
2 |
|
|a Taylor & Francis.
|
| 776 |
0 |
8 |
|i Print version:
|z 9781041089735
|
| 856 |
4 |
0 |
|u http://proxy.library.tamu.edu/login?url=https://www.taylorfrancis.com/books/9781003647799
|z Connect to the full text of this electronic book
|t 0
|
| 955 |
|
|
|a Taylor and Francis ENGnetBASE
|
| 994 |
|
|
|a 92
|b TXA
|
| 999 |
f |
f |
|i 63b91baa-2297-42ca-a2da-17ad5429b70f
|s 770322f1-288f-496b-a886-577ceb3868ba
|t 0
|
| 952 |
f |
f |
|a Texas A&M University
|b College Station
|c Electronic Resources
|s www_evans
|d Available Online
|t 0
|e TD145
|h Library of Congress classification
|
| 998 |
f |
f |
|a TD145
|t 0
|l Available Online
|